000 01402cam a2200349 a 4500
001 EDZ0000072081
003 StDuBDS
005 20161031105134.0
006 m||||||||d||||||||
007 cr |||||||||||
008 120412s2006 enka fo| 000|0|eng d
020 _a9781446212653 (ebook) :
_cNo price
040 _aStDuBDS
_beng
_cStDuBDS
_epn
049 _aAlfaisal Main Library
050 4 _aLB3475
082 0 4 _a371.7160941
_223
100 1 _aRobinson, Sally.
245 1 0 _aHealthy eating in primary schools
_h[electronic resource] /
_cSally Robinson.
260 _aLondon :
_bPaul Chapman,
_c2006.
300 _a1 online resource (202 p.) :
_bill.
504 _aIncludes bibliographical references.
520 8 _aDeveloped by Kent County Council to encourage their primary schools to promote healthy eating, this resource takes a whole-school, holistic approach towards children's eating and relates to the PSHE Curriculum and the Healthy School Standard.
521 _aSpecialized.
588 _aDescription based on print version record.
650 0 _aSchool children
_xFood
_zGreat Britain.
650 0 _aChildren
_xNutrition.
655 7 _aElectronic books.
_2local
710 2 _aSage eBooks
776 0 8 _iPrint version :
_z9781412911610
856 4 0 _uhttp://ezproxy.alfaisal.edu/login?url=http://sk.sagepub.com/books/healthy-eating-in-primary-schools
942 _2lcc
_cEBOOKS
999 _c480150
_d480150